000 00857 a2200217 4500
001 56781
005 20260407155831.0
008 260407a2006 arg spa d
003 AR-UNSa-BCEJYS
040 _aAR-UNSa-BCEJYS
_bspa
_cAR-UNSa-BCEJYS
080 _a330.567.28
_xEconomía y Finanzas de los particulares
245 1 0 _aEl Cuadrante del flujo de dinero
_pGuía del Padre Rico hacia la Libertad Financiera
020 _a987-04-0006-X
264 1 _aBuenos Aires :
_bAguilar
_c2006
300 _a366 p.
_c24 cm.
505 _a1. ¿En qué cuadrante está usted? ¿Es el correcto? – 2. El cuadrante del flujo de dinero – 3. Sacar lo mejor de usted mismo – 4. Como convertirse en un “D” e “I” exitoso
942 _cBK
590 _aniveau_biblio:m niveau_hierar:0
100 1 _aKiyosaki, Robert T.
700 1 _aLechter C.P.A., Sharon L.
999 _c6045
_d6045